000 00562cam a22002291 4500
001 sa 68001598
003 DLC
005 20260227112435.0
008 890801s1964 ii c 000 0 hino
010 _asa 68001598
035 _a(OCoLC)20109803
040 _aDLC
_cWaU
_dDLC
042 _apremarc
050 0 0 _aPL4780.9.J6
_bG315
100 1 _aJoshua, Gurram,
_d1895-1971.
245 1 0 _aCamagādar̥a.
260 _c1964.
300 _a2, 73, 3 p.
_bport.
_c22 cm.
500 _aA poem.
500 _aIn Hindi.
700 1 _aRamamurthy, Varanasi,
_d1917-
999 _c78072
_d78072